Music Quiz

Random Music or Bands Quiz

2000s Artists on Their Album Cover Quiz Stats

 Plays Quiz Updated Jul 3, 2020

Support Sporcle.
Go Orange.
Score 0/25 Timer 07:00
11 Plays Today
Artist % Correct
P!nk (Missundaztood)
96.2%
Beyoncé Knowles (Dangerously in Love)
93.1%
Snoop Dogg (R&G)
88.5%
Britney Spears (Britney)
86.1%
Amy Winehouse (Back to Black)
79%
Taylor Swift (Fearless)
78.8%
'N Sync (No Strings Attached)
77.2%
Avril Lavigne (Let Go)
76.9%
Adele (19)
71.9%
Sting (All This Time)
69.9%
John Legend (Once Again)
69.5%
Christina Aguilera (Stripped)
66.6%
Michael Bublé (It's Time)
64.3%
Artist % Correct
Santana (Shaman)
63.9%
Alicia Keys (The Diary of Alicia Keys)
63.4%
Gwen Stefani (Love. Angel. Music. Baby.)
61.1%
Eminem (Relapse)
60.1%
The White Stripes (Icky Thump)
57.2%
John Mayer (Heavier Things)
56%
Outkast (Stankonia)
55.2%
Toby Keith (A Classic Christmas)
36.6%
MGMT (Oracular Spectacular)
33.1%
Rihanna (Good Girl Gone Bad)
29.6%
The Black Keys (Attack & Release)
26%
Arctic Monkeys (Humbug)
16.3%

You're not logged in!

Compare scores with friends on all Sporcle quizzes.
OR
Log In

From the Vault

US States: Hot or Cold II

by kristen58

Getting warmer...warmer...COL! COLD!!!
Remove Ads.
Support Sporcle.
Get the best of Sporcle when you Go Orange. This ad-free experience offers more features, more stats, and more fun while also helping to support Sporcle. Thank you for becoming a member.

Show Comments

Extras

Top Quizzes Today


Score Distribution

Your Account Isn't Verified!

In order to create a playlist on Sporcle, you need to verify the email address you used during registration. Go to your Sporcle Settings to finish the process.

Report this User

Report this user for behavior that violates our Community Guidelines.

Details: